Partidos políticos chilenos: doctrina, historia, organización interna y fuerza electoral de los partidos conservador, liberal, radical, demócrata cristiano, socialista y comunista

Salvato in:
Dettagli Bibliografici
Autore principale: Guilisasti Tagle, Sergio (Autore)
Natura: Libro
Lingua:spagnolo
Pubblicazione: Santiago, Chile Nascimento 1964
Edizione:Segunda edición
Soggetti:
Tags: Aggiungi Tag
Nessun Tag, puoi essere il primo ad aggiungerne!!

MARC

LEADER 00000nam a2200000 a 4500
001 UCW9726
003 CL-VaPUC
005 20210625001650.0
008 890613e19640000CL |||||||||||||||||spa|d
999 |c 221628  |d 221626 
040 |c Pontificia Universidad Católica de Valparaíso 
082 0 4 |a 324.2 GUI 1964  |2 21 
100 |a Guilisasti Tagle, Sergio  |e author  |9 380569 
245 1 0 |a Partidos políticos chilenos:  |b  doctrina, historia, organización interna y fuerza electoral de los partidos conservador, liberal, radical, demócrata cristiano, socialista y comunista 
246 1 0 |a Caminos de la política 
250 |a Segunda edición 
260 |a Santiago, Chile  |b Nascimento  |c 1964 
300 |a 363 páginas 
583 |a last modification  |c 19890613 00:00:00  |k Rodrigo Vera 
650 0 |a Partidos políticos  |z CHILE  |9 254999 
650 0 |a Política y gobierno  |z CHILE  |9 255151 
852 |a BIBCUR 
942 |c BK  |2 ddc 
945 |d 19890613 00:00:00 
952 |0 0  |1 0  |2 ddc  |4 0  |6 324_200000000000000_GUI_1964  |7 0  |8 X  |9 215282  |a BIBHIS  |b BIBHIS  |d 2019-11-15  |i 2837129  |o 324.2 GUI 1964  |p 2837129  |r 2024-01-30  |t 1  |w 2019-11-15  |y BK_X  |k HIS